Pacientes del estado /

Bibliographic Details
Main Author: Auyero, Javier (Author)
Other Authors: Hormaeche, Virginia (Translator)
Format: Electronic eBook
Language:Spanish
English
Published: Ciudad de Buenos Aires : Eudeba, [2021]
Edition:Segunda edición.
Series:Colección Lectores.
Subjects:
Online Access:Digitalia Hispánica

MARC

LEADER 00000nam a2200000Ii 4500
001 DIGEUDE283
003 NyNyDIG
006 m o d
007 cr |||||||||||
008 230710s2021 ag ob 000 0 spa d
035 |a (OCoLC)1390760598 
040 |a DGITA  |b eng  |e rda  |e pn  |c DGITA 
020 |a 9789502331805  |q edición digital (ePub) 
020 |z 9789502331638 
041 1 |a spa  |h eng 
043 |a s-ag--- 
050 1 4 |a HC180.P6 ebook 
082 0 4 |a 362.5560982  |2 23 
100 1 |a Auyero, Javier,  |e author. 
240 1 0 |a Patients of the state.  |l Spanish  |s (Hormaeche) 
245 1 0 |a Pacientes del estado /  |c Javier Auyero ; traducción de Virginia Hormaeche. 
250 |a Segunda edición. 
264 1 |a Ciudad de Buenos Aires :  |b Eudeba,  |c [2021] 
300 |a 1 online resource. 
336 |a text  |b txt  |2 rdacontent 
337 |a computer  |b c  |2 rdamedia 
338 |a online resource  |b cr  |2 rdacarrier 
347 |a text file  |2 rdaft 
347 |b EPUB 
490 1 |a Lectores 
504 |a Includes bibliographical references. 
588 0 |a Online resource; title from ePub title page (Digitalia, viewed July 10, 2023) 
650 0 |a Poor  |x Services for  |z Argentina. 
650 0 |a Poor  |x Government policy  |z Argentina. 
650 0 |a Poverty  |z Argentina. 
650 0 |a Marginality, Social  |z Argentina. 
700 1 |a Hormaeche, Virginia,  |e translator. 
700 1 |i Translation of:  |a Auyero, Javier.  |t Patients of the state. 
791 2 |a Digitalia (Firm),  |e distributor. 
793 0 |g Digitalia eBook Collection:  |a Eudeba 
776 0 8 |i Print version:  |a Auyero, Javier.  |s Patients of the state. Spanish (Hormaeche).  |t Pacientes del Estado.  |b 2a edición.  |d Ciudad de Buenos Aires : Eudeba, [2021]  |z 9789502331638 
830 0 |a Colección Lectores. 
856 4 0 |3 Digitalia Hispánica  |u https://www.digitaliapublishing.com/a/128467/ 
910 |a Premium collection: 2023